000 00473nam a2200145 4500
001 143461
003 ES-MaACL
007 t|
008 070214s1953 sp r ||||1| spa d
100 1 _aSerrat y de Argila, Antonio.
_9105818
245 1 3 _aLa libertad individual como cualidad dirigida por el corazón y el carácter /
_cAntonio Serrat y de Argila.
260 _aMadrid :
_bPrensa Española,
_c1953.
300 _a265 p. ;
_c19 cm.
852 _aES-MaACL
_jC-6018
_bR.34524
999 _c143461
_d143461